CRIME AGAINST WOMEN (Record no. 216191)

MARC details
000 -LEADER
fixed length control field 00475nam a22001577a 4500
008 - FIXED-LENGTH DATA ELEMENTS--GENERAL INFORMATION
fixed length control field 251117b |||||||| |||| 00| 0 eng d
020 ## - INTERNATIONAL STANDARD BOOK NUMBER
International Standard Book Number 979-8-88715-076-5
100 ## - MAIN ENTRY--PERSONAL NAME
Personal name PARKER, ARNOLD
245 ## - TITLE STATEMENT
Title CRIME AGAINST WOMEN
260 ## - PUBLICATION, DISTRIBUTION, ETC.
Place of publication, distribution, etc. DUBLIN
Name of publisher, distributor, etc. ORYSON PRESS
Date of publication, distribution, etc. 2023
300 ## - PHYSICAL DESCRIPTION
Extent VIII, 277P.
500 ## - GENERAL NOTE
General note INCLUDES INDEX
650 ## - SUBJECT ADDED ENTRY
Topical term or geographic name entry element 1. WOMEN- CRIMES AGAINST 2. VIOLENCE AGAINST WOMEN 3. SEX CRIMES. 4. CRIMINAL JUSTICE -WOMEN
942 ## - ADDED ENTRY ELEMENTS (KOHA)
Source of classification or shelving scheme Library of Congress Classification
Koha item type Long Loan Book
Holdings
Withdrawn status Lost status Source of classification or shelving scheme Damaged status Not for loan Collection Home library Current library Shelving location Date acquired Inventory number Total checkouts Full call number Barcode Date due Date last seen Copy number Price effective from Koha item type
    Library of Congress Classification     Science & Technology Kisii University Library Kisii University Library On Display 11/17/2025 109815   HV 6250.4 .W65P37 2023 000000018495 11/17/2025 11/17/2025 C.1 11/17/2025 Long Loan Book
    Library of Congress Classification     Science & Technology Kisii University Library Kisii University Library On Display 11/17/2025 109816   HV 6250.4 .W65P37 2023 000000018496 11/17/2025 11/17/2025 C.2 11/17/2025 Long Loan Book
    Library of Congress Classification     Science & Technology Kisii University Library Kisii University Library On Display 11/17/2025 109817   HV 6250.4 .W65P37 2023 000000018497 11/17/2025 11/17/2025 C.3 11/17/2025 Long Loan Book
    Library of Congress Classification     Science & Technology Kisii University Library Kisii University Library On Display 11/17/2025 109818   HV 6250.4 .W65P37 2023 000000018498 11/17/2025 11/17/2025 C.4 11/17/2025 Long Loan Book